Why is defining height and storeys now so difficult? (Record no. 121795)
[ view plain ]
| 000 -LEADER | |
|---|---|
| fixed length control field | 00905nas a22002417a 4500 |
| 007 - PHYSICAL DESCRIPTION FIXED FIELD--GENERAL INFORMATION | |
| fixed length control field | ta |
| 008 - FIXED-LENGTH DATA ELEMENTS--GENERAL INFORMATION | |
| fixed length control field | 240207e20240207xxk|||||o|||| 00| 0 eng d |
| 041 ## - LANGUAGE CODE | |
| Language code of text/sound track or separate title | eng |
| 100 ## - MAIN ENTRY--PERSONAL NAME | |
| Personal author | Strong, Gary |
| 245 ## - TITLE STATEMENT | |
| Title | Why is defining height and storeys now so difficult? |
| 490 ## - SERIES TITLE | |
| Series statement | RICS Built Environment Journal |
| Volume | 6 February 2024 |
| 520 ## - ABSTRACT | |
| Abstract | The seemingly straightforward metrics of building height have become frustratingly complex – yet are essential to the new safety regime in England |
| 650 ## - KEYWORDS | |
| Keywords | BUILDING CONTROL |
| 650 ## - KEYWORDS | |
| Keywords | BUILDING SAFETY ACT 2022 |
| 650 ## - KEYWORDS | |
| Keywords | BUILDING HEIGHT |
| 650 ## - KEYWORDS | |
| Keywords | CLADDING |
| 650 ## - KEYWORDS | |
| Keywords | FIRE SAFETY |
| 650 ## - KEYWORDS | |
| Keywords | HIGHER-RISK BUILDINGS |
| 651 ## - SUBJECT ADDED ENTRY--GEOGRAPHIC NAME | |
| Geographic name | United Kingdom |
| 690 ## - LOCAL SUBJECT ADDED ENTRY--TOPICAL TERM (OCLC, RLIN) | |
| 9 (RLIN) | 6222 |
| Topical term or geographic name as entry element | Building control |
| 700 ## - ADDED PERSONAL NAME | |
| Added personal author | Strong, Gary |
| 856 ## - ONLINE RESOURCE | |
| Uniform Resource Identifier | https://ww3.rics.org/uk/en/journals/built-environment-journal/building-height-storeys-definitions.html |
| Public note | Available online |
| Withdrawn status | Lost status | Damaged status | Not for loan | Home library | Current library | Shelving location | Date acquired | Total Checkouts | Date last seen | Price effective from | Koha item type |
|---|---|---|---|---|---|---|---|---|---|---|---|
| Virtual | Virtual | Journal article | 07/02/2024 | 07/02/2024 | 07/02/2024 | Journal article |